Tirant lo Blanc /

Saved in:
Bibliographic Details
Main Author: Martorell, Joanot, d. 1468
Other Authors: Galba, Martin Juan de, d.1490
Format: Book
Language:English
Published: Valencia, New York : Kraus Reprint, 1490 ; 1967.
LEADER 00857nam a2200205 i 4500
001 c000023826
003 CARM
005 00000000000000.0
008 n vp 00000 eng d
019 1 |a 9191959  |5 LACONCORD2021 
035 |a (OCoLC)878111  |5 LACONCORD2021 
100 1 |a Martorell, Joanot,  |d d. 1468. 
245 1 0 |a Tirant lo Blanc /  |c by Tirant lo Blanch. 
260 |a Valencia,  |c 1490 ;  |a New York :  |b Kraus Reprint,  |c 1967. 
300 |a 1 v. (unpaged). 
500 |a First issued as a translation from the Portuguese version of an English work, but usually regarded a. 
700 1 |a Galba, Martin Juan de,  |d d.1490. 
852 8 |b CARM  |h A2:AF05D2  |i E00127  |p 0056397  |f BK 
999 f f |i 62577035-49d1-525e-bd64-4990b1787aa1  |s ef4fc34d-02e3-5f86-8f6d-2c85093d6955 
952 f f |p Can circulate  |a CAVAL  |b CAVAL  |c CAVAL  |d CARM 1 Store  |e E00127  |f A2:AF05D2  |h Other scheme  |i book  |m 0056397